000 00949nam a2200241 i 4500
001 17732
003 ES-MaACL
005 20230906151645.0
007 t|
008 010510s1949 sp |||| | spa d
080 _a323.22(4)"13/14"
080 _a940"13/14"
080 _a308(4)"13/14"
100 1 _aJorge Aragoneses, Manuel.
_966952
245 1 4 _aLos movimientos y luchas sociales en la Baja Edad Media /
_cpor Manuel Jorge Aragoneses.
260 _aMadrid :
_bPatronato de Historia Social de España del Instituto Balmes de Sociología, Consejo Superior de Investigaciones Científicas,
_c1949.
300 _a151 p. ;
_c25 cm.
650 1 4 _aClases sociales-
_zEuropa-
_vHistoria.
_9165014
651 4 _aEuropa-
_xSituación social-
_yS.V-XV.
_98636
710 2 _aConsejo Superior de Investigaciones Científicas (España)
_93236
710 2 _aInstituto Balmes de Sociología.
_94799
852 _aES-MaACL
_jAND-7
_z. - Biblioteca Juan Andrade
999 _c17732
_d17732